| 000 | 00776naa a2200205 4500 | ||
|---|---|---|---|
| 001 | 2162214035926007 | ||
| 003 | UA-OsUOA | ||
| 005 | 20250528112912.0 | ||
| 008 | 250528b un ||||| |||| 00| 0 ukr d | ||
| 040 |
_aUA-OsUOA _bukr _cUA-OsUOA _dUA-OsUOA |
||
| 041 | _aukr | ||
| 080 | _a908 | ||
| 090 | _a908 | ||
| 100 |
_aІвашко Ю. В. _920587 |
||
| 245 |
_aРоль м. Рівне у спадщині модерну західної архітектурної школи _cЮ. В. Івашко |
||
| 300 | _aС. 197–199 | ||
| 650 | _2UDC | ||
| 773 | 0 |
_0573185 _9467205 _aМіністерство освіти і науки України _dРівне ПП ДМ 2010 _o164889 _tАрхітектурна спадщина Волині _z9786175150160 |
|
| 942 |
_2udc _cBKA |
||
| 999 |
_c578853 _d578853 |
||